• 首页
  • 本馆介绍
  • 公告通知
  • 最新文献
  • 馆藏检索
  • 电子资源
  • 读者导购
  • 参考咨询
  • 我的图书馆
  • 登录
  • 详细信息显示
  • 放入我的书架
  • 预约/预借图书
  • 作者相关作品
  • 分类相关作品
  • 丛书相关作品
  • 出版社相关作品

书目信息

  • 表格格式
  • 工作单格式
  • 卡片格式
题名:
现代养殖场生产设施与设备
    
 
作者: 黄炎坤 , 马伟 主编
分册:  
出版信息: 郑州   中原农民出版社  2016.9
页数: 246页
开本: 23cm
丛书名: 畜禽产品安全生产综合配套技术丛书
单 册:
中图分类: S815.9
科图分类:
主题词: 畜禽--养殖场--生产设备
电子资源:
ISBN: 978-7-5542-1481-7
000 00966nam 2200265 450
001 0400003734
005 20171022132038.0
010    @a978-7-5542-1481-7@dCNY39.00
100    @a20161213e2016 em y0chiy50 ea
101 0  @achi
102    @aCN@b410000
105    @aa z 000yy
106    @ar
200 1  @a现代养殖场生产设施与设备@9xian dai yang zhi chang sheng chan she shi yu she bei@f黄炎坤,马伟主编
210    @a郑州@c中原农民出版社@d2016.9
215    @a246页@c图@d23cm
225 1  @a畜禽产品安全生产综合配套技术丛书
330    @a本书主要阐述畜禽养殖设施的种类、场址的选择与规划、各类设施基本的安装使用方法、畜禽场内和舍内环境的基本要求与控制方法等,同时辅以大量的图片、数据和实例进行说明。
461  0 @12001 @a畜禽产品安全生产综合配套技术丛书
606 0  @a畜禽@x养殖场@x生产设备
690    @aS815.9@v5
701  0 @a黄炎坤@9huang yan kun@4主编
701  0 @a马伟@9ma wei@4主编
801  0 @aCN@b91MARC@c20171022
905    @b1023070-4@dS815.9@f5@e139
    
    现代养殖场生产设施与设备/黄炎坤,马伟主编.-郑州:中原农民出版社,2016.9
    246页:图;23cm.-(畜禽产品安全生产综合配套技术丛书)
    
    
    ISBN 978-7-5542-1481-7:CNY39.00
    本书主要阐述畜禽养殖设施的种类、场址的选择与规划、各类设施基本的安装使用方法、畜禽场内和舍内环境的基本要求与控制方法等,同时辅以大量的图片、数据和实例进行说明。
●
相关链接 在E读中查询图书 在五车中查询图书 在当当中查询图书 在豆瓣中查询图书


正题名:现代养殖场生产设施与设备     索取号:S815.9/139         预约/预借

序号 登录号 条形码 馆藏地/架位号 状态 备注
1 1023070   210230702   第二样本阅览室/ [索取号:S815.9/139] 在馆    
2 1023071   210230711   第三借阅区/ [索取号:S815.9/139] 在馆    
3 1023072   210230720   第三借阅区/ [索取号:S815.9/139] 在馆    
4 1023073   210230739   第三借阅区/ [索取号:S815.9/139] 在馆    
5 1023074   210230748   密集书库-生命科学系/ [索取号:S815.9/139] 在馆    
唐山师范学院图书馆 欢迎您!
大连网信软件有限公司© 版权所有